00653cam a22002057a 4500003000500000005001700005008004100022010000900063011000900072035000900081040000900090100003100099245011400130260004000244300002200284502006900306650002600375650002500401650002100426CHAP20220329133140.0971013s1990 r 00010 d a2712 a3684 a2885 cCHAP00aPérez Verdín, Gustavo. 0aDeterminación de índices de sitio para Pinus arzonica Engelm en la región noreste del estado de Durango aChapingo, Méx. :bEl autor,c1990 a92 h.b; gráfs. aTesis (Ing. Forestal) -- UACH. División de Ciencias Forestales14aIndices de localidad.14aPináceaszDurango.14aPinus arizonica.